| 000 | 00654nam a22002297a 4500 | ||
|---|---|---|---|
| 999 |
_c8110 _d8110 |
||
| 003 | AR-CdUCM | ||
| 008 | 190322b ||||| |||| 00| 0 spa d | ||
| 040 |
_aMUNICIPALIDAD PROVINCIAL DEL CUSCO _cBIBLIOTECA MUNICIPAL DEL CUSCO |
||
| 041 | _hfre | ||
| 082 |
_a818.5 / _bW82 |
||
| 100 |
_aWoolrich, Cornell _914333 |
||
| 245 | _aRendezvous en negro / | ||
| 260 |
_aBarcelona : _bAcervo, _c1962. |
||
| 300 |
_a199 páginas ; _c18 cm. |
||
| 505 | _aContenido: Novela | ||
| 650 |
_aSiglo XX _98 |
||
| 650 |
_aLiteratura _983 |
||
| 650 |
_aNovelas policiacas _92100 |
||
| 700 |
_aAroca, José (traducción) _922901 |
||
| 942 |
_2ddc _cLIBROS |
||
| 945 | _aachl | ||